000 00720nam a2200253Ia 4500
003 OSt
005 20221006144017.0
006 a|||||r|||| 00| 0
007 ta
008 221006b |||||||| |||| 00| 0 eng d
020 _cP23.50
024 _a10,643
037 _cTextual
040 _aEASL
_cEASL
_beng
041 _2eng
_aeng
082 _aW691.41.N8, M8.1
100 _aSHAW Yu-ming Ed.
_9650749
245 0 _aChanges and continuities in Chinese communism
260 _aBoulder
_bWestview Press
_c1988
300 _a414p.
_ccm.
490 _vVol.I : Ideology, politics,and foreign policy CEL
942 _hW691.41.N8, M8.1
_cTEXL
_2CC
999 _c1078729
_d1078729